Dillon Patel
Warwick A
Categories
Science - Chemistry | 0 | 5 | 1 | 1 | 45 | 96 | 111.60 | 0 | 1 |
Science - Physics | 0 | 4 | 0 | 2 | 40 | 107 | 121.75 | 0 | 0 |
History - World History | 0 | 5 | 2 | 1 | 40 | 73 | 98.40 | 0 | 3 |
History - European History | 0 | 3 | 0 | 0 | 30 | 77 | 95.67 | 0 | 0 |
History - American History | 0 | 2 | 0 | 0 | 20 | 85 | 92.00 | 1 | 2 |
Religion | 0 | 2 | 0 | 0 | 20 | 76 | 78.00 | 0 | 2 |
Social Science | 0 | 2 | 0 | 0 | 20 | 67 | 80.00 | 0 | 2 |
Science - Biology | 0 | 1 | 0 | 0 | 10 | 91 | 91.00 | 0 | 1 |
Literature - World Literature | 0 | 1 | 0 | 0 | 10 | 116 | 116.00 | 0 | 0 |
History - Other History | 0 | 1 | 0 | 1 | 10 | 133 | 133.00 | 0 | 0 |
Literature - European Literature | 0 | 0 | 0 | 0 | 0 | 0.00 | 0 | 0 |